[Event "5th Itau Cup"]
[Site "Sao Paulo BRA"]
[Date "2001.10.20"]
[Round "8"]
[White "Braga,C"]
[Black "Rosa,J"]
[Result "1-0"]
[WhiteElo "2444"]
[BlackElo "2158"]

1.g3 d5 2.Nf3 Nf6 3.Bg2 Bg4 4.b3 c5 5.c4 Nc6 6.cxd5 Qxd5 7.h3 Bh5 8.Bb2 e5
9.O-O e4 10.Nc3 Qd7 11.Ng5 Bg6 12.Ngxe4 Nxe4 13.Nxe4 Bxe4 14.Bxe4 Qxh3 15.Qc2 Qd7
16.Bf5 Qc7 17.Qe4+ Qe7 18.Bxh7 Qxe4 19.Bxe4 Rh6 20.Kg2 Rd8 21.d3 Re6 22.Rac1 b6
23.Rh1 Nd4 24.e3 f5 25.Bb7 Nb5 26.Rh5 Nd6 27.Bc6+ Ke7 28.Bd5 Rh6 29.Rxh6 gxh6
30.Kf3 Ne8 31.Bc4 Nf6 32.Kf4 Ne8 33.Kxf5 b5 34.Bxb5 Nd6+ 35.Kg6 Nxb5 36.Bf6+ Ke8
37.Bxd8 Kxd8 38.a4 Nc7 39.Kf7 Be7 40.Rh1 Bg5 41.f4 Be7 42.Rxh6  1-0

[Event "World Teams"]
[Site "Yerevan ARM"]
[Date "2001.10.20"]
[Round "9"]
[White "Minasian,Art"]
[Black "Acs,P"]
[Result "1/2-1/2"]
[WhiteElo "2581"]
[BlackElo "2530"]

1.Nf3 d5 2.g3 Nf6 3.Bg2 c6 4.O-O Bg4 5.d3 e6 6.Nbd2 Be7 7.h3 Bh5 8.e4 O-O
9.g4 Bg6 10.Ne5 Nbd7 11.Nxd7 Nxd7 12.f4 f5 13.gxf5 exf5 14.exd5 Re8 15.dxc6 bxc6
16.Nc4 Qc7 17.Qf3 Rac8 18.c3 c5 19.Bd2 Bf7 20.Ne3 g6 21.Qg3 Bf8 22.c4 Nf6
23.Rae1 Rcd8 24.Bc3 Bg7 25.Bxf6 Bxf6 26.Nxf5 Kh8 27.Nh6 Bxb2 28.Nxf7+ Qxf7
29.Bd5 Qf6 30.Re4 Bd4+ 31.Kh1 Rb8 32.Qg5 Qxg5 33.fxg5 Rxe4 34.dxe4 h6 35.gxh6 Kh7
36.Rf7+ Kxh6 37.Rxa7 Rb2 38.Ra6 Kh5 39.Bf7 Kh4 40.Rxg6 Kxh3 41.Be6+ Kh4 42.Rg4+ Kh5
43.a4 Ra2 44.Rg8 Rxa4 45.Kg2 Ra3 46.Bd5 Kh4 47.Kf1 Rg3 48.Rf8 Rg1+ 49.Ke2 Rg2+
50.Kd3 Rg3+ 51.Kc2 Re3 52.Rg8 Rg3 53.Re8 Re3 54.Kd2 Kg3 55.Rf8 Kg4 56.Bc6 Kg3
57.Rf5 Kg4 58.Bd7 Kg3 59.Bc6 Kg4 60.Rf8 Kg3 61.Bd5 Kg4 62.Rf5 Kg3  1/2-1/2

[Event "World Seniors"]
[Site "Arco ITA"]
[Date "2001.10.22"]
[Round "6"]
[White "Baumgartner,H"]
[Black "Shabanov,Y"]
[Result "1/2-1/2"]
[WhiteElo "2350"]
[BlackElo "2458"]

1.Nf3 d5 2.g3 Nf6 3.Bg2 Bf5 4.d3 e6 5.O-O Be7 6.c4 c6 7.Be3 Nbd7 8.Qb3 Qb8
9.cxd5 exd5 10.Bf4 Qc8 11.Nc3 Nc5 12.Qd1 Bh3 13.Rc1 Bxg2 14.Kxg2 O-O 15.Qd2 Qd8  1/2-1/2

[Event "TSGM October"]
[Site "Belgrade YUG"]
[Date "2001.10.22"]
[Round "3"]
[White "Koneru,H"]
[Black "Boskovic,D"]
[Result "1-0"]
[WhiteElo "2484"]
[BlackElo "2343"]

1.Nf3 d5 2.g3 c6 3.Bg2 Bg4 4.b3 Nd7 5.Bb2 Ngf6 6.d3 e6 7.Nbd2 Be7 8.h3 Bh5
9.O-O O-O 10.e4 a5 11.a3 Qb6 12.Qe2 Rfd8 13.Rad1 Rac8 14.Rfe1 a4 15.b4 Qc7
16.c4 dxe4 17.dxe4 e5 18.c5 Ne8 19.g4 Bg6 20.Nc4 f6 21.Qc2 Ra8 22.Rc1 Bf7
23.Bf1 Rdc8 24.g5 b5 25.cxb6 Nxb6 26.gxf6 gxf6 27.Nh4 Ng7 28.Kh1 Kh8 29.Re3 Be6
30.Nxb6 Qxb6 31.Bc4 c5 32.b5 Rg8 33.Rg1 Bxc4 34.Qxc4 Qe6 35.Qe2 c4 36.Reg3 Raf8
37.Kh2 Qf7 38.Bc1 Ne8 39.Nf5 Rxg3 40.Rxg3 Bd8 41.Be3 Qe6 42.Qd1 Bb6 43.Qxa4 Bxe3
44.Rxe3 Ng7 45.Nxg7 Kxg7 46.Qa7+ Kh8 47.b6 f5 48.Rg3  1-0

[Event "TSGM October"]
[Site "Belgrade YUG"]
[Date "2001.10.24"]
[Round "5"]
[White "Koneru,H"]
[Black "Stojanovic,Mih"]
[Result "1-0"]
[WhiteElo "2484"]
[BlackElo "2425"]

1.Nf3 d5 2.g3 c5 3.Bg2 Nc6 4.d4 Nf6 5.O-O e6 6.c4 dxc4 7.Qa4 cxd4 8.Nxd4 Qxd4
9.Bxc6+ Bd7 10.Rd1 Qxd1+ 11.Qxd1 Bxc6 12.Nd2 c3 13.Nc4 Rd8 14.Qb3 Ne4 15.Be3 cxb2
16.Qxb2 Be7 17.Bd4 f6 18.Na5 Kf7 19.Nxc6 bxc6 20.Bxa7 Rd2 21.Qb7 Nd6 22.Qxc6 Rc8
23.Qf3 Rcc2 24.a4 Rxe2 25.Kf1 Red2 26.a5 Rd5 27.a6 Nc4 28.Kg1 Nd2 29.Qe3 Rc6
30.Qe2 Nb3 31.Ra4 Nc1 32.Qf3 Rdd6 33.Bb8 Rxa6 34.Bxd6 Rxd6 35.Qh5+  1-0

[Event "WYB14"]
[Site "Oropesa del Mar ESP"]
[Date "2001.10.25"]
[Round "5"]
[White "Tomashevsky,E"]
[Black "Megararanto,S"]
[Result "1/2-1/2"]
[WhiteElo "2468"]
[BlackElo "2234"]

1.Nf3 d5 2.g3 Nf6 3.Bg2 Bf5 4.O-O e6 5.d3 c6 6.Nfd2 Nbd7 7.b3 Bc5 8.Bb2 O-O
9.c4 a5 10.Nc3 Qe7 11.Qc2 Rfd8 12.Rac1 Ba7 13.cxd5 exd5 14.Nf3 Bg4 15.Rce1 Bxf3
16.Bxf3 Ne5 17.Nb1 Re8 18.Bg2 Qd6 19.d4 Ng6 20.Nd2 Bb6 21.Bc3 Re7 22.e3 h5
23.Qf5 Rae8 24.Bb2 h4 25.Qh3 a4 26.Rc1 Ba5 27.Nf3 hxg3 28.hxg3 Ne4 29.Ne5 Nxe5
30.dxe5 Qb4 31.Bd4 Ng5 32.Qh5 Ne6 33.Rcd1 Bb6 34.Ba1 axb3 35.axb3 d4 36.Qh4 c5
37.exd4 Nxd4 38.Bxd4 cxd4 39.Bf3 Rxe5 40.Kg2 Qe7 41.Qh3 Re6 42.Rh1 Rh6 43.Qg4 Qf6
44.Rxh6 Qxh6  1/2-1/2

[Event "Chigorin Mem Open"]
[Site "St Petersburg RUS"]
[Date "2001.10.27"]
[Round "2"]
[White "Loginov,Va"]
[Black "Vunder,A"]
[Result "1-0"]
[WhiteElo "2513"]
[BlackElo "2259"]

1.Nf3 d5 2.g3 Nf6 3.Bg2 e6 4.O-O Be7 5.d3 c5 6.Nbd2 Nc6 7.e4 O-O 8.Re1 b5
9.a4 bxa4 10.c3 Nd7 11.exd5 exd5 12.Qxa4 Qc7 13.Nb3 Nb6 14.Qf4 Qxf4 15.Bxf4 Be6
16.d4 Nd7 17.dxc5 Nxc5 18.Nbd4 Nxd4 19.Nxd4 Nd3 20.Nxe6 Nxe1 21.Nxf8 Nxg2
22.Kxg2 Kxf8 23.Ra5 d4 24.cxd4 Bd8 25.Bd6+ Ke8 26.Re5+ Kd7 27.Ba3 Bf6 28.Ra5 Kc7
29.Bc5 Kb7 30.Kf3 a6 31.Ra3 a5 32.Ke4 Kc6 33.Rb3 Re8+ 34.Kd3 Re1 35.Rb6+ Kc7
36.Ra6 Ra1 37.Kc4 a4 38.Kd5 Rb1 39.Ra7+ Kb8 40.Kc6 Rxb2 41.Rxf7 Kc8 42.d5  1-0

[Event "Frauen Bundesliga 2001-2"]
[Site "GER"]
[Date "2001.10.28"]
[Round "2"]
[White "Lauterbach,I"]
[Black "Trabert,B"]
[Result "1/2-1/2"]
[WhiteElo "2127"]
[BlackElo "2253"]

1.Nf3 d5 2.g3 Bg4 3.Bg2 Nd7 4.O-O e6 5.d3 Bd6 6.Nbd2 c6 7.e4 Ne7 8.Qe1 O-O
9.h3 Bh5 10.c3 Re8 11.d4 c5 12.Nb3 dxe4 13.Qxe4 Nc6 14.dxc5 Nxc5 15.Nxc5 Bxc5
16.Ne5 Bg6 17.Nxg6 hxg6 18.Bf4 e5 19.Be3 Qb6 20.Bxc5 Qxc5 21.Rad1 Rad8 22.Qa4 b5
23.Qb3 Na5 24.Qc2 Nc4 25.Rfe1 a5 26.Bf1 a4 27.b3 axb3 28.axb3 Nd6 29.Bg2 Nf5
30.Kh2 Nd4 31.Qb2 Nf5 32.Be4 Rd6 33.Rxd6 Nxd6 34.Bg2 e4 35.Qd2 f5 36.Ra1 Nf7
37.Qe1 Rc8 38.Rc1 Ne5 39.b4 Qb6 40.Qd1 Nd3 41.Rc2 Nxf2 42.Qd5+ Kh7 43.Bf1 Qe3
44.Qxb5 Rxc3 45.Rxc3 Qxc3 46.Qc4 Qb2 47.Qe2 Qxe2 48.Bxe2 Nd3 49.b5 Nc5 50.Kg2 g5
51.Kf2 f4 52.gxf4 gxf4 53.Bg4 Kg6 54.b6 Kf6 55.Bc8 Ke5 56.b7 Na6 57.h4 Kd4
58.Bf5 Kd3 59.Bd7 Nb8 60.Bb5+ Kd2 61.Bf1 Nc6 62.Bb5 Nb8 63.Bf1  1/2-1/2

[Event "Jonsson Mem Open"]
[Site "Reykjavik ISL"]
[Date "2001.10.28"]
[Round "5"]
[White "Gislason,G"]
[Black "Halldorsson,J"]
[Result "1-0"]
[WhiteElo "2305"]
[BlackElo "2143"]

1.Nf3 d5 2.g3 Nf6 3.Bg2 Bg4 4.Ne5 Bf5 5.d4 e6 6.c4 c6 7.Nc3 Nbd7 8.O-O Nxe5
9.dxe5 Nd7 10.cxd5 exd5 11.Qd4 Bc5 12.Qf4 Bc2 13.b4 Bb6 14.Bb2 Qe7 15.b5 O-O
16.bxc6 bxc6 17.Rac1 Bg6 18.Na4 Rac8 19.h4 Bc7 20.Bh3 Rce8 21.h5 Bxh5 22.Qf5 Bxe2
23.Qxd7 Bxf1 24.Qxe7 Rxe7 25.Kxf1 Rb8 26.f4 g5 27.Rxc6 Bb6 28.Nxb6 axb6 29.e6 gxf4
30.gxf4 Ra7 31.exf7+ Kxf7 32.Be6+ Ke7 33.f5 Rxa2 34.Be5 Rba8 35.Rc7+ Ke8
36.f6 R2a7 37.f7+  1-0

[Event "Chigorin Mem Open"]
[Site "St Petersburg RUS"]
[Date "2001.10.29"]
[Round "4"]
[White "Zablotsky,S"]
[Black "Vorobiov,E"]
[Result "1/2-1/2"]
[WhiteElo "2353"]
[BlackElo "2516"]

1.Nf3 d5 2.g3 c5 3.Bg2 Nf6 4.O-O Nc6 5.d4 e6 6.c4 dxc4 7.Qa4 Bd7 8.Qxc4 b5
9.Qd3 Rc8 10.dxc5 Bxc5 11.a3 b4 12.Be3 Bxe3  1/2-1/2

[Event "TCh-AUT 2001-2"]
[Site "Moerbisch AUT"]
[Date "2001.11.02"]
[Round "3"]
[White "Loebler,H"]
[Black "Thoma,R"]
[Result "1/2-1/2"]
[WhiteElo "2232"]
[BlackElo "2358"]

1.Nf3 d5 2.g3 Bg4 3.Bg2 Nd7 4.O-O Ngf6 5.d3 e6 6.Nbd2 Be7 7.b3 O-O 8.c4 c6
9.Bb2 a5 10.a3 Bc5 11.h3 Bh5 12.Qc2 h6 13.e4 dxe4 14.dxe4 Qc7 15.e5 Bg6 16.Qc3 Ne4
17.Nxe4 Bxe4 18.Nd2 Bxg2  1/2-1/2

[Event "FSIM November"]
[Site "Budapest HUN"]
[Date "2001.11.05"]
[Round "3"]
[White "Biro,D"]
[Black "Blasko,I"]
[Result "1/2-1/2"]
[WhiteElo "2243"]
[BlackElo "2310"]

1.Nf3 d5 2.g3 c6 3.Bg2 Bg4 4.O-O Nd7 5.d3 Ngf6 6.Nbd2 e5 7.e4 Bc5 8.c3 O-O
9.b4 dxe4 10.dxe4 Bb6 11.Qc2 a5 12.Nc4 Bxf3 13.Bxf3 axb4 14.cxb4 Qe7 15.Nxb6 Nxb6
16.Be3 Nbd7 17.a4 Qe6 18.Qe2 h5 19.Rfd1 Ng4 20.Bxg4 hxg4 21.b5 Nf6 22.Bg5 Nh7
23.Be3 Nf6 24.Bg5 Nh7 25.Be3 Nf6  1/2-1/2

[Event "FSIM November"]
[Site "Budapest HUN"]
[Date "2001.11.06"]
[Round "4"]
[White "Nemeth,Z"]
[Black "Cooke,E"]
[Result "1-0"]
[WhiteElo "2372"]
[BlackElo "2212"]

1.Nf3 d5 2.g3 c5 3.Bg2 Nc6 4.d4 e6 5.O-O Nf6 6.c4 dxc4 7.Qa4 cxd4 8.Nxd4 Qxd4
9.Bxc6+ Bd7 10.Rd1 Qxd1+ 11.Qxd1 Bxc6 12.Nd2 h5 13.Nf3 Rd8 14.Qc2 b5 15.Bg5 Be7
16.a4 a6 17.axb5 Bxb5 18.Ne5 Rd5 19.Bxf6 Bxf6 20.Nxc4 O-O 21.Na3 Bd7 22.e4 Rd4
23.Qe2 Rb8 24.e5 Be7 25.Qxa6 Rxb2 26.Qa7 Rbd2 27.Nb5 Bxb5 28.Qb8+ Bf8 29.Qxb5 Rd1+
30.Rxd1 Rxd1+ 31.Kg2 Rd5 32.Qb8 g6 33.h3 Kg7 34.Qb2 Bc5 35.Qe2 Bd4 36.f4 Bc3
37.Kf3 Bd4 38.Ke4 f6 39.Qa6 f5+ 40.Kf3 Kf7 41.Qb7+ Kf8 42.Qh7  1-0

[Event "EuTCh"]
[Site "Leon ESP"]
[Date "2001.11.06"]
[Round "1"]
[White "Markowski,T"]
[Black "Pinheiro,J"]
[Result "1-0"]
[WhiteElo "2550"]
[BlackElo "2339"]

1.g3 d5 2.Nf3 Nf6 3.Bg2 e6 4.O-O Be7 5.d4 O-O 6.c4 c6 7.Qc2 Nbd7 8.b3 b6
9.Bb2 Ba6 10.Nbd2 Rc8 11.Rac1 c5 12.Qb1 dxc4 13.Nxc4 Bb7 14.Rfd1 Be4 15.Qa1 b5
16.Ncd2 Bd5 17.Qb1 Qb6 18.e4 Bb7 19.e5 Nd5 20.Ne4 Qd8 21.dxc5 Nxc5 22.Nd6 Bxd6
23.exd6 h6 24.Bd4 Qxd6 25.Qb2 f6 26.Qa3 Ne4 27.Qxa7 Ba6 28.Rxc8 Rxc8 29.Re1 Nec3
30.Bh3 Re8 31.Bc5 Qc7 32.Rxe6 Rxe6 33.Bxe6+ Kh7 34.Qa8 Ne2+ 35.Kh1 Nb4 36.Qg8+ Kg6
37.Qe8+  1-0

[Event "EuTCh"]
[Site "Leon ESP"]
[Date "2001.11.06"]
[Round "1"]
[White "Ibrahimov,R"]
[Black "Narciso Dublan,M"]
[Result "1-0"]
[WhiteElo "2404"]
[BlackElo "2517"]

1.Nf3 d5 2.g3 Bg4 3.Bg2 Nd7 4.O-O e6 5.b3 Ngf6 6.Bb2 a5 7.c4 Be7 8.d3 O-O
9.a3 c6 10.Nbd2 Qc7 11.Qc2 Rfd8 12.cxd5 exd5 13.e4 Nf8 14.h3 Bxf3 15.Nxf3 dxe4
16.dxe4 Ne6 17.Rad1 Rxd1 18.Rxd1 Rd8 19.Rxd8+ Qxd8 20.Bf1 Qf8 21.a4 Nc5 22.Nd2 h5
23.h4 Ne6 24.Nc4 Qd8 25.Ne5 Bb4 26.Bc4 Qe7 27.Qe2 Bc5 28.Kg2 Bb6 29.Qf3 Bc7
30.Qf5 Nd8 31.Bc3 Kf8 32.f3 Bb6 33.Nd3 Ne6 34.Bxa5 g6 35.Qe5 Bxa5 36.Qxa5 Kg7
37.Qe5 Qd7 38.a5 Nc7 39.Qc3 Qd8 40.Nc5 Qc8 41.Qd4 Ne8 42.e5 Nd5 43.Bxd5 cxd5
44.Qxd5 Qf5 45.Qe4 Qc8 46.b4 Qd8 47.Qd3 Qe7 48.Qd4 Kh7 49.Qd5 Ng7 50.f4 Nf5
51.Qxb7 Qd8 52.Nd7 Kg7 53.a6  1-0

[Event "EuTCh"]
[Site "Leon ESP"]
[Date "2001.11.07"]
[Round "2"]
[White "Ibrahimov,R"]
[Black "Malakhatko,V"]
[Result "1/2-1/2"]
[WhiteElo "2404"]
[BlackElo "2555"]

1.Nf3 d5 2.g3 c6 3.Bg2 Bg4 4.O-O Nd7 5.d3 Ngf6 6.Nbd2 e5 7.e4 Bd6 8.h3 Bh5
9.exd5 cxd5 10.c4 O-O 11.cxd5 Nxd5 12.Nc4 Bc7 13.Qb3 N5b6 14.Be3 Nxc4 15.dxc4 Bb6
16.Bxb6 axb6 17.Rfe1 f6 18.Nh4 Nc5 19.Qc3 Qc7 20.Nf5 Rfd8 21.Ne3 Rd4 22.b4 Nd3
23.Nd5 Qd6 24.Re3 Bg6 25.Bf1 Rxd5 26.cxd5 Nxb4 27.Re2 Nd3 28.Rd2 e4 29.Bxd3 exd3
30.Qd4 Qc5 31.Rxd3 Bxd3 32.Qxd3 Ra3 33.Qe4 Rxg3+ 34.Kh1 Rg5 35.Qe8+ Qf8 36.Qe6+ Qf7
37.Qc8+ Qf8 38.Qe6+  1/2-1/2

[Event "EuTCh"]
[Site "Leon ESP"]
[Date "2001.11.09"]
[Round "4"]
[White "Ivanisevic,I"]
[Black "Kacheishvili,G"]
[Result "1/2-1/2"]
[WhiteElo "2547"]
[BlackElo "2583"]

1.Nf3 d5 2.g3 Bg4 3.Bg2 c6 4.O-O Nd7 5.d3 Ngf6 6.Nbd2 e5 7.h3 Bh5 8.e4 Bd6
9.exd5 cxd5 10.c4 O-O 11.cxd5 Nxd5 12.Qb3 N5b6 13.Ne4 Be7 14.a4 Kh8 15.a5 f5
16.Neg5 Nc5 17.Qc3 Nd5 18.Qc4 e4 19.dxe4 fxe4 20.Ne5 Bxg5 21.Bxg5 Qxg5 22.Qxd5 Rf5
23.Qxc5 Rxe5 24.Qe3 Qxe3 25.fxe3 Kg8 26.Ra4 Rae8 27.g4 Bf7 28.Rc1 h5 29.Kh2 hxg4
30.hxg4 Rb5 31.Rxe4 Rxb2 32.Rxe8+ Bxe8 33.Kg3 Rb5 34.Rc7  1/2-1/2

[Event "EuTCh"]
[Site "Leon ESP"]
[Date "2001.11.09"]
[Round "4"]
[White "Cvitan,O"]
[Black "Bryson,D"]
[Result "1-0"]
[WhiteElo "2550"]
[BlackElo "2384"]

1.Nf3 d5 2.g3 Nf6 3.Bg2 e6 4.d4 Be7 5.c4 O-O 6.Qc2 c5 7.dxc5 Bxc5 8.O-O Bb6
9.cxd5 exd5 10.Nc3 Nc6 11.Bg5 Be6 12.Rad1 h6 13.Bh4 Qe7 14.Qc1 Rad8 15.Qf4 Qb4
16.Qxb4 Nxb4 17.Bxf6 gxf6 18.e3 Nc6 19.Na4 Bc7 20.b3 Bd6 21.Nc3 Bb4 22.Ne2 Ne5
23.Nfd4 Rfe8 24.Nf4 Bc5 25.Nb5 Bg4 26.Rxd5 Rxd5 27.Nxd5 Kg7 28.Rc1 Bf8 29.h3 Bd7
30.Nd4 Bd6 31.Nf4 Rb8 32.Rd1 Bc5 33.Nde2 Kf8 34.Nd5 Bc6 35.Nxf6 Kg7 36.Nh5+ Kf8
37.Bxc6 bxc6 38.Kg2  1-0

[Event "EuTCh"]
[Site "Leon ESP"]
[Date "2001.11.09"]
[Round "4"]
[White "Markowski,T"]
[Black "Greenfeld,A"]
[Result "1/2-1/2"]
[WhiteElo "2550"]
[BlackElo "2581"]

1.g3 d5 2.Nf3 g6 3.c4 dxc4 4.Na3 Bg7 5.Nxc4 Nc6 6.Bg2 e5 7.d3 Nge7 8.Bd2 Be6
9.Bc3 f6 10.b3 Qd7 11.O-O Bh3 12.Rc1 h5 13.b4 h4 14.b5 Nd4 15.Bxd4 Bxg2 16.Kxg2 exd4
17.Nxh4 Qxb5 18.Nf3 g5 19.Kg1 Qd7 20.Qb3 b6 21.a4 g4 22.Nfd2 f5 23.Rfe1 Bh6
24.Rc2 Bxd2 25.Rxd2 O-O-O 26.e4 dxe3 27.fxe3 Nd5 28.Ne5 Qe6 29.d4 Rd6 30.a5 Rh7
31.Rc2 Nf4 32.Qxe6+ Nxe6 33.Nc4 Rd8 34.axb6 axb6 35.Nxb6+ Kb7 36.Na4 Rdh8
37.Rb1+ Kc8 38.Nb6+ Kd8 39.Nc4 Ng5 40.Ne5 Kc8 41.Rcb2 c6 42.Rb8+ Kc7 43.Rxh8 Rxh8
44.Rf1 Rh5 45.Kg2 Ne4 46.Ra1 c5 47.Ra6 Kb7 48.Rg6 cxd4 49.exd4 Rh7 50.Rc6 Rd7
51.Rc4 Rd5 52.Nc6 Rb5 53.Rc2 Ng5 54.Ne5 Nh3 55.Kf1 f4 56.gxf4 Nxf4 57.Nxg4 Ne6
58.Rd2 Rd5 59.Ne3 Rxd4 60.Rxd4 Nxd4 61.Ng4 Kc6 62.Kf2 Kd5  1/2-1/2

[Event "VII Sreiber Mem"]
[Site "Subotica YUG"]
[Date "2001.11.09"]
[Round "5"]
[White "Drazic,S"]
[Black "Andonov,B"]
[Result "0-1"]
[WhiteElo "2471"]
[BlackElo "2412"]

1.Nf3 d5 2.g3 Nf6 3.Bg2 c5 4.c4 d4 5.b4 cxb4 6.a3 b3 7.O-O Nc6 8.d3 e5 9.Nbd2 a5
10.Qxb3 a4 11.Qc2 h6 12.Qb2 Bc5 13.Ne1 O-O 14.Nc2 Qe7 15.Rb1 Ra7 16.Qa2 Re8
17.Re1 Bf5 18.f3 Bd7 19.Rd1 b6 20.Nf1 Nh7 21.Bd2 f5 22.Nb4 Nf6 23.Rdc1 Na5
24.Be1 Nb3 25.Rd1 e4 26.Qc2 e3 27.f4 g5 28.Nc6 Bxc6 29.Bxc6 Rea8 30.fxg5 hxg5
31.h3 g4 32.hxg4 fxg4 33.Bb4 Kg7 34.Bxc5 Qxc5 35.Bxa8 Rxa8 36.Rxb3 axb3 37.Qxb3 Rxa3
38.Qb2 Ra8 39.Nh2 Qe5 40.Qxb6 Qxg3+ 41.Kh1 Rh8 42.Qb7+ Kg6 43.Qg2 Qxg2+ 44.Kxg2 Kg5
45.Rb1 Nh5 46.Rb5+ Kh4 47.Rf5 Ra8 48.c5 Ra2 49.Nf3+ gxf3+ 50.Kxf3 Ra1 51.Re5 Ng3
52.Re4+ Nxe4 53.Kxe4 Kg3 54.Kxd4 Kf2  0-1

[Event "VII Sreiber Mem"]
[Site "Subotica YUG"]
[Date "2001.11.10"]
[Round "6"]
[White "Badea,B"]
[Black "Sedlak,N"]
[Result "1/2-1/2"]
[WhiteElo "2530"]
[BlackElo "2443"]

1.Nf3 d5 2.g3 Bg4 3.Bg2 Nd7 4.c4 e6 5.cxd5 exd5 6.O-O c6 7.d3 Bc5 8.Qc2 Ngf6
9.Nc3 O-O 10.e3 Re8 11.Ne2 Bd6 12.h3 Bxf3 13.Bxf3 Qe7 14.Bg2 Nf8 15.Nd4 Be5
16.Nf3 Bd6 17.Bd2 a5 18.a3 Ng6 19.Rfe1 h5  1/2-1/2

[Event "EuTCh"]
[Site "Leon ESP"]
[Date "2001.11.11"]
[Round "6"]
[White "Bogdanovski,V"]
[Black "Shaw,J"]
[Result "1/2-1/2"]
[WhiteElo "2430"]
[BlackElo "2499"]

1.Nf3 d5 2.g3 Nf6 3.Bg2 c6 4.O-O Bf5 5.d3 e6 6.c4 dxc4 7.dxc4 Qxd1 8.Rxd1 h6
9.Nc3 Nbd7 10.Be3 Ng4 11.Bd2 Bc5 12.Be1 O-O-O 13.Na4 Be7 14.Nd4 Nb6 15.Nxb6+ axb6
16.Bc3 Bf6 17.Nxf5 exf5 18.Bxf6 Nxf6 19.Bh3 g6 20.f3 Kc7 21.Kf2 Rxd1 22.Rxd1 Ra8
23.a3 Ra4 24.Rc1 Nd7 25.Bf1 Ne5 26.e3 Ra8 27.Rd1 h5 28.Be2 Rh8 29.Rd4 c5
30.Rd5 f6 31.h4 Re8  1/2-1/2

[Event "EuTCh"]
[Site "Leon ESP"]
[Date "2001.11.13"]
[Round "7"]
[White "Markowski,T"]
[Black "Halkias,S"]
[Result "1/2-1/2"]
[WhiteElo "2550"]
[BlackElo "2519"]

1.g3 d5 2.Nf3 c5 3.Bg2 Nc6 4.d4 e6 5.O-O Nf6 6.c4 Be7 7.cxd5 exd5 8.Nc3 O-O
9.Bg5 c4 10.Ne5 Be6 11.b3 Rc8 12.bxc4 dxc4 13.Nxc6 bxc6 14.e3 Qa5 15.Ne4 Nxe4
16.Bxe7 Rfe8 17.Bxe4 Rxe7 18.Qc2 h5 19.Bg2 h4 20.Rfd1 Qh5 21.e4 Rd8 22.Qc3 hxg3
23.hxg3 Bh3 24.Re1 Re6 25.Qxc4 Rh6 26.Qc5 f5 27.Qc4+ Kh8 28.Qe2 Bg4 29.f3 Qh2+
30.Kf1 fxe4 31.Qxe4 Bh3 32.Bxh3 Qxh3+ 33.Kf2 Qh2+ 34.Ke3 Qxg3 35.Qe5 Qh3
36.Rh1 Qxh1 37.Rxh1 Rxh1 38.Qc7 Re8+ 39.Kf2 Rhe1 40.Qxa7 R1e2+ 41.Kg3 R8e6  1/2-1/2

[Event "EuTCh"]
[Site "Leon ESP"]
[Date "2001.11.13"]
[Round "7"]
[White "Kengis,E"]
[Black "Shirov,A"]
[Result "1/2-1/2"]
[WhiteElo "2561"]
[BlackElo "2706"]

1.Nf3 d5 2.g3 Nf6 3.Bg2 g6 4.d4 Bg7 5.O-O O-O 6.Nbd2 Bf5 7.c4 c6 8.b3 Nbd7
9.Bb2 Ne4 10.Nh4 Nxd2 11.Qxd2 Be6 12.e4 dxe4 13.Bxe4 Nf6  1/2-1/2

[Event "EuTCh"]
[Site "Leon ESP"]
[Date "2001.11.14"]
[Round "8"]
[White "Kengis,E"]
[Black "Godena,M"]
[Result "1-0"]
[WhiteElo "2561"]
[BlackElo "2496"]

1.Nf3 d5 2.g3 Nc6 3.d4 Bf5 4.Bg2 Nb4 5.Na3 c6 6.c3 Na6 7.Qb3 Qb6 8.Nh4 Bg4
9.h3 Be6 10.O-O Nf6 11.Bg5 h6 12.Bxf6 exf6 13.Qc2 Be7 14.Rab1 g6 15.e4 dxe4
16.Qxe4 Nc7 17.c4 O-O-O 18.Rfd1 Rhe8 19.Qd3 Qb4 20.Qc2 Kb8 21.Rd3 Ka8 22.Rbd1 Qa5
23.Qc1 h5 24.Nf3 Bf5 25.Re3 Bf8 26.Rxe8 Rxe8 27.d5 cxd5 28.cxd5 Nxd5 29.Nc4 Qc5
30.Nd4 Be6 31.Nxe6 fxe6 32.b3 h4 33.gxh4 Qc7 34.Bxd5 exd5 35.Rxd5 Bc5 36.Ne3 Re5
37.Qxc5 Qb8 38.Rxe5 fxe5  1-0

[Event "ch-NR"]
[Site "Novosibirsk RUS"]
[Date "2001.11.14"]
[Round "2"]
[White "Maletin,P"]
[Black "Grachev,J"]
[Result "1/2-1/2"]
[WhiteElo "2296"]
[BlackElo "2374"]

1.Nf3 d5 2.g3 Nf6 3.Bg2 c5 4.O-O e6 5.d4 cxd4 6.Nxd4 e5 7.Nb3 Be6 8.Nc3 Be7
9.Bg5 Nbd7 10.e4 d4 11.Nd5 Bxd5 12.exd5 Nxd5 13.Bxe7 Nxe7 14.Bxb7 Rb8 15.Bg2 O-O
16.c3 dxc3 17.bxc3 Qc7 18.Qd3 Nb6 19.Rfd1 Rfd8 20.Qa6 Nc4 21.Rab1 g6 22.Bf1 Nd6
23.Qa5 Qxa5 24.Nxa5 Rbc8 25.Rb3 Ne4 26.Rxd8+ Rxd8 27.Nc4 Rd1 28.Kg2 Nf5 29.Be2 Rc1
30.Bd3 Nfd6 31.Nxe5 Nc5 32.Rb8+ Kg7 33.Rd8 Kf6 34.Nc6 Ncb7 35.Rb8 Rxc3 36.Nb4 Ra3
37.Bb1 a5 38.Nd5+ Kg7 39.Ne3 Ra4 40.Ra8 Rb4 41.Bc2 Rb2 42.Bb3 Ne4 43.Nd1 Rd2
44.Ra7 Nec5 45.Nc3 Rd3 46.Ne4 Nxb3 47.Rxb7 Nc1 48.Ng5 h6 49.Rxf7+ Kg8 50.Rc7 Nxa2
51.Ne4 a4 52.Ra7 a3  1/2-1/2

[Event "VII Sreiber Mem"]
[Site "Subotica YUG"]
[Date "2001.11.15"]
[Round "10"]
[White "Badea,B"]
[Black "Andonov,B"]
[Result "1/2-1/2"]
[WhiteElo "2530"]
[BlackElo "2412"]

1.Nf3 d5 2.g3 c5 3.Bg2 Nc6 4.d4 Nf6 5.O-O Bg4 6.Ne5 cxd4 7.Nxg4 Nxg4 8.c3 Nf6
9.cxd4 e6 10.Nc3 Be7 11.Qb3 Qd7 12.Rd1 O-O 13.e3 Rfc8 14.Qc2 b5 15.Qd3 a6
16.Bd2 Qd8 17.Ne2 Na5 18.Rac1 Nc4 19.Qb1 Rc6 20.b3 Na3 21.Qd3 Rac8 22.Rxc6 Rxc6
23.Rc1 Qc7 24.Rxc6 Qxc6 25.f3 Qc2 26.Qxc2 Nxc2 27.Kf2 Kf8 28.Nc1 Nd7 29.Bf1 Nb4
30.a3 Nc6 31.a4 bxa4 32.bxa4 Bb4 33.Ke1 Ndb8 34.Nb3 Ke8 35.Bxb4 Nxb4 36.Kd2 Kd8
37.Kc3 Na2+ 38.Kb2 Nb4 39.Kc3 Na2+ 40.Kb2 Nb4 41.Kc3  1/2-1/2

[Event "TCh-FIN 2001-02"]
[Site "FIN"]
[Date "2001.11.17"]
[Round "4"]
[White "Holmsten,A"]
[Black "Taivainen,J"]
[Result "1/2-1/2"]
[WhiteElo "2420"]
[BlackElo "2262"]

1.Nf3 d5 2.g3 c6 3.Bg2 Nf6 4.O-O Bf5 5.b3 e6 6.Bb2 Nbd7 7.d3 Bg6 8.Nbd2 Qb6
9.c4 a5 10.Bd4 Bc5 11.Bxc5 Nxc5 12.Ne5 Ncd7 13.Nxd7 Nxd7 14.cxd5 cxd5 15.e4 O-O
16.exd5 exd5 17.Bxd5 Bxd3 18.Nc4 Bxc4 19.bxc4 Qc7 20.Rb1 Rab8 21.Qd4 b6 22.Rfe1 Rfe8
23.h4 h6 24.Kg2 Rxe1 25.Rxe1 Nf6 26.Rb1 Rd8 27.a4 Rb8 28.Bf3 Nd7 29.Re1 Nc5
30.Bd5 Rf8 31.Qd1 Qd7 32.Re3 Qxa4 33.Qb1 Qb4 34.Qg6 Nd7 35.Re8 Rxe8 36.Qxf7+ Kh7
37.Qxe8 Nf6 38.Be4+ Nxe4 39.Qxe4+ Kh8 40.Qe8+ Kh7 41.Qe4+ Kh8 42.Qa8+ Kh7
43.Qe4+ Kh8 44.Qd5 a4 45.Qa8+ Kh7 46.Qe4+ Kh8 47.Qe8+ Kh7 48.Qe4+ Kh8  1/2-1/2

[Event "TCh-FIN 2001-02"]
[Site "FIN"]
[Date "2001.11.17"]
[Round "4"]
[White "Sepp,O"]
[Black "Rytshagov,M"]
[Result "1-0"]
[WhiteElo "2460"]
[BlackElo "2513"]

1.Nf3 d5 2.g3 g6 3.Bg2 Bg7 4.O-O e5 5.d3 Ne7 6.e4 dxe4 7.dxe4 Qxd1 8.Rxd1 O-O
9.Na3 f6 10.Nb5 Na6 11.Be3 b6 12.a4 Nc6 13.c3 Be6 14.b4 Rad8 15.Rxd8 Rxd8
16.Bf1 Bf8 17.a5 bxa5 18.Nxa7 Nxa7 19.Bxa7 axb4 20.Bxa6 b3 21.Be3 Ra8 22.Bc1 Kh8
23.Bb2 Bh6 24.Ne1 c5 25.Nd3 Bf8 26.Kg2 Rd8 27.Ba3 c4 28.Nb2 Rd2 29.Bxc4 Bxa3
30.Rxa3 Bxc4 31.Nxc4  1-0

[Event "TCh-CZE 2001-2"]
[Site "CZE"]
[Date "2001.11.18"]
[Round "3"]
[White "Gross,S"]
[Black "Jirka,J"]
[Result "0-1"]
[WhiteElo "2369"]
[BlackElo "2339"]

1.Nf3 d5 2.g3 g6 3.Bg2 Bg7 4.c4 c6 5.Qc2 Nf6 6.O-O O-O 7.d3 b5 8.cxb5 cxb5
9.Bf4 Bb7 10.Nbd2 Nc6 11.Nb3 Nd7 12.d4 Qb6 13.e3 h6 14.h4 Rfc8 15.Qd2 a5
16.Bh3 e6 17.Rac1 a4 18.Nc5 Nxc5 19.Rxc5 Na5 20.Rfc1 Nc4 21.Rxc8+ Bxc8 22.Qe2 e5
23.Bxc8 exf4 24.Bh3 fxg3 25.b3 gxf2+ 26.Qxf2 axb3 27.axb3 Nd6 28.Qc2 Re8
29.Qc6 Qb8 30.Qxd5 Ne4 31.Qd7 Qg3+ 32.Bg2 Nf6 33.Qc7 Qxc7 34.Rxc7 Rxe3 35.Ne5 Rxb3
36.Nxf7 Ng4 37.Be4 Bxd4+ 38.Kf1 Rb2 39.Bxg6 Bb6 40.Rc6 Ne3+ 41.Kg1 Bd4 42.Nxh6+ Kg7
43.Bd3 Ng4+ 44.Kf1 Nh2+ 45.Ke1 Nf3+ 46.Kd1 Rd2+ 47.Kc1 Rxd3 48.Nf5+ Kh7 49.h5 Rc3+
50.Rxc3 Bxc3 51.Nd6 Nd4 52.Nxb5 Nxb5 53.Kc2 Be5 54.Kd3 Nd6 55.Ke2 Kh6 56.Kf3 Kxh5
57.Kf2 Kg4 58.Ke3 Kf5 59.Kf3 Nc4 60.Ke2 Ke4 61.Kf2 Ne3 62.Ke2 Ng4 63.Kd2 Bd4
64.Kc2 Ne5 65.Kb3 Bc5 66.Kc3 Ke3 67.Kb3 Kd3 68.Ka4 Kc4 69.Ka5 Nf7 70.Ka6 Nd6
71.Ka5 Be3 72.Ka6 Bd4 73.Ka5 Kc5 74.Ka6 Kc6 75.Ka5 Nc4+ 76.Ka6 Ne5 77.Ka5 Nd3
78.Ka6 Nb4+ 79.Ka5 Kc5 80.Ka4 Kc4 81.Ka5 Be3 82.Ka4 Bb6 83.Ka3 Nd3 84.Ka2 Bc5
85.Ka1 Kb3 86.Kb1 Be3 87.Ka1 Nb4 88.Kb1 Bd2 89.Ka1 Nc2+  0-1

[Event "sf ch-NED"]
[Site "Leeuwarden NED"]
[Date "2001.11.18"]
[Round "1.6"]
[White "Van der Weide,K"]
[Black "Span,P"]
[Result "1-0"]
[WhiteElo "2457"]
[BlackElo "2223"]

1.Nf3 d5 2.g3 Nf6 3.Bg2 c6 4.O-O Bf5 5.d3 e6 6.Nbd2 Be7 7.Qe1 Bg6 8.e4 dxe4
9.dxe4 Nbd7 10.a3 e5 11.b3 Qc7 12.Bb2 b5 13.Nh4 Ng4 14.Nf5 Bxf5 15.exf5 O-O
16.Ne4 Ngf6 17.Nxf6+ Bxf6 18.Qe4 Rac8 19.Rad1 Rfe8 20.h4 Nb6 21.Rfe1 c5 22.Qb7 h6
23.Qxc7 Rxc7 24.f4 Nd7 25.Rxd7 Rxd7 26.Bc6 Red8 27.Bxd7 Rxd7 28.fxe5 Be7
29.f6 Bf8 30.Kf2 c4 31.Ke2 gxf6 32.exf6 Rd6 33.Rd1 Rxd1 34.Kxd1 h5 35.Ke2 Kh7
36.Kf3 Kg6 37.g4 hxg4+ 38.Kxg4 cxb3 39.cxb3 a5 40.a4 bxa4 41.bxa4 Bb4 42.h5+ Kh7
43.Bc1 Bc3 44.Kf5 Be1 45.Bg5 Bc3 46.Ke4 Be1 47.Kd5 Bc3 48.Kc6 Be1 49.Kb5 Bc3
50.Bf4 Bxf6 51.Kxa5 Bd4 52.Kb5 Kg7 53.a5 Kf6 54.a6 Ba7 55.Kc6 Kf5 56.Bc7 Kg5
57.Bb6 Bb8 58.Kb7  1-0